| 000 | 01351cam a2200361 a 4500 | ||
|---|---|---|---|
| 999 |
_c531881 _d531881 |
||
| 001 | 1675348 | ||
| 003 | NUST | ||
| 005 | 20191030095845.0 | ||
| 008 | 980212s1997 nyuab b 000 0 eng | ||
| 010 | _a 98115264 | ||
| 020 | _a0470244054 | ||
| 038 | _aMSOHAIL | ||
| 040 |
_aDLC _cDLC _dDLC |
||
| 050 | 0 | 0 |
_aGF125 _b.H46 1997 |
| 082 | 0 | 0 |
_a307.76 _221 |
| 100 | 1 |
_aHerbert, David T. _925008 |
|
| 245 | 1 | 0 |
_aCities in space : _bcity as place / _cDavid T. Herbert and Colin J. Thomas. |
| 250 | _a3rd ed. | ||
| 260 |
_aNew York : _bWiley, _c1997. |
||
| 300 |
_a378 p. : _bill., maps ; _c25 cm. |
||
| 500 | _aRev. ed. of: Urban geography. c1982. | ||
| 504 | _aIncludes bibliographical references (p. [349]-366) and index. | ||
| 650 | 0 |
_aUrban geography. _925009 |
|
| 650 | 0 |
_aHuman geography. _913071 |
|
| 700 | 1 |
_aThomas, Colin J. _925010 |
|
| 700 | 1 |
_aHerbert, David T. _tUrban geography. _925011 |
|
| 856 | 4 | 2 |
_3Publisher description _uhttp://www.loc.gov/catdir/description/wiley031/98115264.html |
| 856 | 4 |
_3Table of Contents _uhttp://www.loc.gov/catdir/toc/onix01/98115264.html |
|
| 856 | 4 | 2 |
_3Contributor biographical information _uhttp://www.loc.gov/catdir/enhancements/fy0705/98115264-b.html |
| 906 |
_a7 _bcbc _corignew _d2 _encip _f19 _gy-gencatlg |
||
| 942 |
_2ddc _cBK |
||